Απολογισμός έργου 1978 : ερευνητικά προγράμματα, εκπαιδευτική δραστηριότητα, παροχή υπηρεσιών

Αποθηκεύτηκε σε:
Λεπτομέρειες βιβλιογραφικής εγγραφής
Συγγραφή απο Οργανισμό/Αρχή: Ινστιτούτο Υγείας του Παιδιού
Μορφή: Βιβλίο
Γλώσσα:Greek
Δημοσίευση: [Αθήνα] : Ινστιτούτο Υγείας του Παιδιού, [1979]
Θέματα:
Ετικέτες: Προσθήκη ετικέτας
Δεν υπάρχουν, Καταχωρήστε ετικέτα πρώτοι!

MARC

LEADER 00000nam a2200000 i 4500
001 1/8771
008 000724s1979 gre d
035 |l 10062806 
040 |a GR-MY-UA  |b gre  |e aacr 
041 0 |a gre 
082 0 |a 068.495 
110 2 |a Ινστιτούτο Υγείας του Παιδιού. 
245 1 0 |a Απολογισμός έργου 1978 :  |b ερευνητικά προγράμματα, εκπαιδευτική δραστηριότητα, παροχή υπηρεσιών /  |c Ινστιτούτο Υγείας του Παιδιού 
260 |a [Αθήνα] :   |b Ινστιτούτο Υγείας του Παιδιού,   |c [1979] 
300 |a 54 σ.;  |c 24 εκ. 
610 2 0 |a Ινστιτούτο Υγείας του Παιδιού. 
650 0 0 |a Associations, institutions, etc.  |z Greece. 
852 |a INST  |b RHODES  |e 20000724  |h 068.495 ΙΝΣ  |p 005400000199  |q 005400000199  |t BK  |y 0 
909 |a Ρ  |b 007022 
922 |a 4ΔΩΡ  |b 198706 
970 |z 2000/07/ΔΕΜΕΝΑΓΑΣ